000 00732nam a2200241Ia 4500
003 OSt
005 20230516141719.0
008 210423s2013 xx 000 0 und d
020 _a978-81-8128-220-0
040 _cAL
041 _aeng
082 _a547.59 GUPH
100 _aGUPTA (R R);KUMAR (M);GUPTA (V)
_9105358
245 _aHeterocyclic chemistry Vol 1: Principles three and four membered heterocycles
260 _aNew Delhi
_bSpringer Verlag
_c2013
300 _ax,422
_bPB
365 _b797.5
_cINR
440 _v1
650 _aChemistry
_9105359
650 _aOrganic Chemistry
_9105360
906 _a1: ; chemistry ; four ; heterocycles ; Heterocyclic ; membered ; Principles ; three ; Vol
942 _2ddc
_cBK
999 _c166375
_d166375